000 00359nam a2200145Ia 4500
008 230917s9999||||xx |||||||||||||| ||und||
040 _e87245
_aMAIN
041 _aEnglish
082 _a811.4 F929P
100 _aFrost, Robert
245 0 _aPoetry and prase
260 _aNew York
_bHolt, Rinehart and Winston
_c1972
300 _axiv, 480 p.
942 _cBK
999 _c180165
_d180165